Os mais belos contos das mil e uma noites (Registo nº 4223)
[ vista simples ]
| 000 -Etiqueta do registo | |
|---|---|
| Cabeçalho | 00855nam a2200253 4500 |
| 005 - Identificador da versão | |
| Campo de controlo | 20240813122055.0 |
| 010 ## - Número internacional normalizado dos livros (ISBN) | |
| Número (ISBN) | 9722611267 |
| 021 ## - Número do Depósito Legal | |
| Código do país | PT |
| Número | 62476/93 |
| 100 ## - Dados gerais de processamento | |
| Dados gerais de processamento | 20170210d1994 a y0pory5003 ba |
| 102 ## - Pais de publicação ou produção | |
| País de publicação | Portugal |
| 101 1# - Língua de publicação | |
| Língua do texto, banda sonora, etc. | Português |
| Língua do documento no original | Inglês |
| 215 ## - Descrição física | |
| Indicação específica da natureza do documento e extensão da espécie | 98, [2] p |
| Outras indicações físicas | il. color |
| 200 1# - Titulo e menção de responsabilidade | |
| Título próprio | Os mais belos contos das mil e uma noites |
| Primeira menção de responsabilidade | ilustração de Dimitri Makhashvili |
| Outras menções de responsabilidade | tradução de Carlos José Marques Duarte de Jesus |
| 225 1# - Colecção | |
| Título próprio da colecção | Grandes ilustradores da escola russa |
| 210 ## - Publicação, Distribuição, etc. | |
| Lugar da edição, distribuição, etc. | [Porto] |
| Nome do editor, distribuidor, etc. | Civilização |
| Data da publicação, distribuição, etc. | cop. 1993 |
| Data da impressão | imp. 1994 |
| 606 ## - Nome comum usado como assunto | |
| Número de registo de entrada de autoridade | 0001490 |
| Palavra de ordem | Literaturas árabes |
| Subdivisão de assunto | Conto |
| Código do sistema | CA |
| 675 ## - Classificação Decimal Universal (CDU) | |
| Notação | 821.411.21-34 |
| Edição | 3ª ed. |
| Língua da edição | por |
| 702 #0 - Nome de autor-pessoa física (responsabilidade secundária) | |
| Número de registo de entrada de autoridade | 0000894 |
| Palavra de ordem | Makhashvili |
| Outra parte do nome não tomada para palavra de ordem | Dimitri |
| Código de função | Ilustrador / Técnico de desenho computorizado |
| Número de registo de entrada de autoridade | 0001706 |
| Palavra de ordem | Jesus |
| Outra parte do nome não tomada para palavra de ordem | Carlos José Marques Duarte de |
| Código de função | Tradutor |
| 966 ## - Identificação da Biblioteca | |
| Sigla | EBVEN |
| 942 ## - Elementos de entrada adicionados (Koha) | |
| Tipo de item no Koha | Livro |
| Situação do levantamento | Origin of item (home branch) (coded) | Biblioteca de empréstimo | Código de barras | Cota | Circulation type (not for loan) | Tipo de documento | Nota do exemplar | Damaged status |
|---|---|---|---|---|---|---|---|---|
| Biblioteca Escolar das Vendas | Biblioteca Escolar das Vendas | BEV112 | 8EST MAI | Livro | Sem mensagem |
